Tous les épithètes de One Piece - Statistiques

Statistiques générales
  • Ce quiz a été pris 156 fois
    61 depuis la dernière actualisation
  • Le résultat moyen est 134 sur 269
Statistiques - réponses
Epithète(s) Réponse % Correct
- ... au Chapeau de Paille- Cinquième Empereur Monkey D. Luffy
91%
- ... l'Incendie Alber/King
89%
- Le Clown Baggy
89%
- Le Tyran Bartholomew Kuma
89%
- La Princesse Serpent- L'impératrice Pirate Boa Hancock
89%
- Le Gentleman Squelette- L'escrimeur Fredonneur - Soul King Brook
89%
- Mr. 0- Sir ... Crocodile
89%
- Oeil de Faucon- Le Plus Grand Escrimeur du Monde - Le Chasseur de Soldats Dracule Mihawk
89%
- Barbe Blanche- L'Homme le plus Fort du Monde Edward Newgate
89%
- Dieu ... Ener
89%
- ... Captain ... Eustass Kid
89%
- Le Cyborg Franky
89%
- Le Roi des Pirates Gol D. Roger
89%
- Le Paladin des Mers Jinbe
89%
- ... aux Cents Bêtes - La Plus Puissante Créature du Monde Kaido
89%
- Barbe Noire Marshall D. Teach
89%
- L'Homme le Plus Dangereux du Monde- ... le Révolutionnaire Monkey D. Dragon
89%
- ... la poigne- Le Héros de la Marine Monkey D. Garp
89%
- La Chatte Voleuse Nami
89%
- L'enfant Démon- La Lumière de la Révolution Nico Robin
89%
- ... aux Poings Ardents Portgas D. Ace
89%
- ... le Roux Shanks
89%
- Sniperking- God ... Usopp
89%
- Le Magicien Basil Hawkins
86%
- ... La Hyène Bellamy
86%
- Big Mom Charlotte Linlin
86%
- La Gloutonne Jewelry Bonney
86%
- Aokiji Kuzan
86%
- ... Le Phénix Marco
86%
- Le Chasseur de pirates Roronoa Zoro
86%
- L'Empereur des Flammes Sabo
86%
- Le Fan de Barbe à Papa Tony Tony Chopper
86%
- Le Chirurgien de la Mort Trafalgar D. Water Law
86%
- La Jambe Noire Vinsmoke Sanji
86%
- Kizaru Borsalino
83%
- Joker- Le Démon Céleste Don Quichotte Doflamingo
83%
- Corazon (anciennement) Don Quichotte Rossinante
83%
- ... le Dieu du Soleil- Le Guerrier Libérateur - Le Guerrier Blanc Nika
83%
- La Princesse Fantôme Perona
83%
- ... le Bouddha Sengoku
83%
- Le Bras Droit du Seigneur des Pirates- Le Seigneur des Ténèbres Silvers Rayleigh
83%
- Le Moine Fou Urouge
83%
- ... Gang ... Capone Bege
80%
- ... au Cheval Blanc- Prince des Pirates Cavendish
80%
- Mr. 1- L'Assassin Daz Bonez
80%
- ... la Sécheresse Jack
80%
- L'Hypnotiseur
- One-Two l'opportuniste ...
Jango
80%
- ... le Renard de Feu Kin'emon
80%
- ... le Roi des Menteurs MontBlanc Norland
80%
- ... la Pandémie Queen
80%
- La Marée Rugissante Scratchmen Apoo
80%
- ... à la Massue Alvida
77%
- ... la Scie Arlong
77%
- ... aux Mille Bras- Le Chevalier Biscuit Charlotte Cracker
77%
- Fujitora Issho
77%
- Le Prince Maudit- La Honte d'Elbaph Loki
77%
- Le Femme-Neige Monet
77%
- ... le Hacheur Morgan
77%
- Akainu Sakazuki
77%
- ... le Lion d'Or- Le Pirate Volant Shiki
77%
- Princesse Sirène Shirahoshi
77%
- Barbe Blanche Jr. Edward Weevil
74%
- Le Renard Argenté Foxy
74%
- Mr. 3- L'usurier Galdino
74%
- Dr. ... Hiluluk
74%
- Diamond Joz
74%
- Le Massacreur Killer
74%
- Sorcière - Doctorine Kureha
74%
- Miss Wednesday Nefertari Vivi
74%
- Dieu de la Mer- Grand Chevalier de la Mer Neptune
74%
- Dieu Guerrier de la Science et de la Défense Saint Jaygarcia Saturn
74%
- ... le Chasseur Blanc Smoker
74%
- Le Pavillon Rouge X Drake
74%
- Oden Kozuki- Princesse Démone Yamato
74%
- Le Rookie Fou- Le Cannibale Bartolomeo
71%
- Mr. 2 Bon Clay- Bentham de la Nature Bentham
71%
- Le Roi du Crépuscule- Maître ... Nekomamushi
71%
- ... aux Six Lames Octo
71%
- ... le Faucon Pell
71%
- Dieu Guerrier de l'Environnement Saint Marcus Mars
71%
- Le Bras Gauche du Roi des Pirates- Ratiboiseur - Missionnaire de l'Amour Scopper Gaban
71%
- ... de la Pluie Shilliew
71%
- Le Samouraï Légendaire- Dieu des Lames Shimotsuki Ryuma
71%
- Sparking Red Vinsmoke Ichiji
71%
- Electric Blue Vinsmoke Niji
71%
- Poison Pink Vinsmoke Reiju
71%
- Winch Green Vinsmoke Yonji
71%
- Violette Viola
71%
- ... à la Lame Fleurie Vista
71%
- Le Démon Rouge Brogy
69%
- Miss Buckin Buckingham Stussy
69%
- ... aux Cheveux Mouillés Caribou
69%
- La Chasseresse de Nouvelle Lune Catarina Devon
69%
- Le Démon Bleu Dorry
69%
- ... la Cage Noire- ... la Dame de Fer Hina
69%
- Le Canon Destructeur Ideo
69%
- Le Roi de l'Aurore- Duc ... Inuarashi
69%
- Champion- Mr. Store Jesus Burgess
69%
- Klahadoll- ... aux Cents Plans Kuro
69%
- Le Soldat Fureur Eclair - Roi des Gladiateurs Kyros
69%
- Big News Morgans
69%
- Reine du Quartier des Plaisirs Stussy
69%
- Le Démon au Bambou- Corazon (anciennement) Vergo
69%
- Ryokugyu Aramaki
66%
- Nyon Gloriosa
66%
- Komurasaki Kozuki Hiyori
66%
- Garuda Vinsmoke Judge
66%
- ... aux Pieds Rouges Zeff
66%
- Le Roi Dépravé Avalo Pizarro
63%
- ... le Chacal Chaka
63%
- Kyoshiro le Somnolent Denjiro
63%
- Le Faiseur de Miracles Emporio Ivankov
63%
- L'aventurier- Le Héros des Esclaves Fisher Tiger
63%
- Le Démon de Shandora Kalgara
63%
- ... le Kappa Kawamatsu
63%
- Le Dresseur de fauves Morge
63%
- Le Démon- Le Transporteur de Continents Oz
63%
- Le Roi de la Bibine Vasco Shot
63%
- L'acrobate Cabaji
60%
- Le Chevalier des Cieux Gan Forr
60%
- Le Vent de la Montagne Kaku
60%
- ... le Roi de la Fouille Sous-Marine Shôjô
60%
- ... du Tombeau Absalom
57%
- Mother ...- Yamamba, la Sorcière des Montagnes Caramel
57%
- ... au Masque de Fer Duval
57%
- ... de la Brume Raizo
57%
- Dieu Guerrier de la Justice Saint Topman Warcury
57%
- Le Cuirassé Géant Sanjuan Wolf
57%
- La Grande Conseillère Tsuru
57%
- ... aux Poings d'Acier Fullbody
54%
- Epée Eléphant Funkfreed
54%
- Le Roi du Repêchage Masira
54%
- Dr. ... Vegapunk
54%
- Miss Doublefinger- L'Araignée Empoisonnée Zala
54%
- ... aux Cheveux Gras Coribou
51%
- La Faucheuse Doc Q
51%
- Don ...- ... Le Perfide Don Krieg
51%
- Le Roi Bagarreur Elizabello II
51%
- Mr. 8 Igaram
51%
- Arme de Massacre Rob Lucci
51%
- Dieu Guerrier de la Science et de la Défense Saint Figarland Garling
51%
- Dieu Guerrier de l'Agriculture Saint Shepherd Ju Peter
51%
- ... le Démon Furieux Wiper
51%
- Les Frères Funk Bobby Funk
49%
- Master César Clown
49%
- Mr. 5- ... de la Frontière Gem
49%
- Captain John
49%
- Les Frères Funk Kelly Funk
49%
- ... des Neiges Printanières Kikunojo
49%
- La Douche du Soir Kurozumi Kanjuro
49%
- L'homme au Bouclier d'Acier Pearl
49%
- Nazoms Pekoms
49%
- Défenseur Céleste - Boss du Ciel Gedatsu
46%
- Le Shérif Démoniaque Laffitte
46%
- Dieu Guerrier des Finances Saint Ethanbaron V. Nusjuro
46%
- Shakky Shakuyaku
46%
- Le Supersonique Van Augur
46%
- Frères Nyaban Buchi
43%
- Le Bibliothécaire Charlotte Mont d'Or
43%
- Le Taureau-Tueur- L'Ange de la Mort du Colisée Fighting Bull
43%
- L'Eleveur du Ciel Ohm
43%
- ... des Cimes Pedro
43%
- Le Chevalier Gourmet Streusen
43%
- La Drille Don Chinjao
40%
- Le Pirate Mercenaire Hajrudin
40%
- Miss Valentine- La Transporteuse Mikita
40%
- La Femme Invaincue- La Princesse Fantôme Rebecca
40%
- Homme de Fer | - Les Tueurs des Montagnes Enneigées Scotch
40%
- Mr. 4- ... l'Attrapeur Tueur Babe
37%
- ... l'Amoureuse Charlotte Laura
37%
- Le Monstre Charlotte Pudding
37%
- Les Tueurs des Montagnes Enneigées Rock
37%
- Frères Nyaban Sham
37%
- Sky Rider Shura
37%
- l'Araignée des Maelstrom Squard
37%
- Lord- ... la Quincaille Wapol
37%
- Miss Merry Christmas- ... la Tombeuse de Villes Drophy
34%
- Miss Golden Week- Le Drapeau de la Liberté Marianne
34%
- Incarnation de l'Amour Otohime
34%
- Barre de Fer ... Smoothie
34%
- Le Baron ... Tamago
34%
- La plus grande Cantatrice du Monde Uta
34%
- ... la Gouttelette Who's-Who
34%
- ... le Trancheur de Requins Bastille
31%
- Le Démon Gin
31%
- ... de la Fleur Hyogoro
31%
- Unluckies Mr. 13
31%
- Le Dirigeant - L'Aventurier au Massacre Imaginaire Orlumbus
31%
- Tenguyama Hitetsu Kozuki Sukiyaki
29%
- Unluckies Miss Friday
29%
- Big Knife Sarquiss
29%
- ... le Débordant Sasaki
29%
- ... de la Forêt Satori
29%
- La Sorcière des Glaces Whitey Bay
29%
- ... le Tricéphale Baskerville
26%
- La Démone Charlotte Amande
26%
- ... le Sprinteur Quadrupède Hamburg
26%
- La Belette des Mers Nero
26%
- Gyukimaru du Pont des Détrousseurs Onimaru
26%
- Ricky Riku Doldo III
26%
- L'Exécuteur Roshio
26%
- Pourfendeur de Vaisseaux T-Bone
26%
- Le Chasseur Yasopp
26%
- Le Buffle d'Eau Atmos
23%
- ... le Tonnerre Zeus
23%
- Gashed ...- ... l'écorché Albion
20%
- Héritier du Démon Douglas Bullet
20%
- ... le Silencieux Fukuro
20%
- Le Bandit Jean Ango
20%
- ... le Lion Kumadori
20%
- ... le Soleil Prométhée
20%
- La Tueuse d'Hommes Shinobu
20%
- Madame ... Shyarly
20%
- Barbemont Yarle
20%
- Barbecade Yorle
20%
- ... aux Trois Langues Demalo Black
17%
- Le Missionaire Gambia
17%
- ... du Vent Jigoro
17%
- Miss Univers Kinderella
17%
- ... la Poilue Morley
17%
- Gardien des Cieux Nola
17%
- La Machine du Tacle Pickles
17%
- Monster Gun Vito
17%
- Calico Yorki
17%
- ... au Bras Noir Zephyr
17%
- Fighting Lion Agyo
14%
- Le Pyromane Damask
14%
- ... à la Main de Crabe Gyro
14%
- Roi des Lézards Hanafuda
14%
- ... Service ... Lip Doughty
14%
- Seigneur du Tonnerre Mc Guy
14%
- ... le Hérisson Shimotsuki Yasuie
14%
- Full-Power Shishilian
14%
- Moine Géant Wadatsumi
14%
- Le Finisseur Bobbin
11%
- Le Chevalier Bohème Doma
11%
- Babouin Féroce des Montagnes Hihimaru
11%
- Dieu Soleil Road
11%
- Le Briseur de Nuques Suleiman
11%
- Le Démon des Profondeurs Davy Jones
9%
- God of Fortune Du Feld
9%
- ... d'Anthier Fugah
9%
- L'Empereur de l'Or- Le Monstre du Nouveau Monde Gild Tesoro
9%
- Le Courant Profond Umit
9%
- ... l'Enflammé Attach
6%
- ... l'Orque Tueuse Billy
6%
- ... la Tremblote Brululu
6%
- ... de la Gourde Fen Bock
6%
- Le Maître de la Dissimulation Giberson
6%
- ... la Gloutonne Lily Enstomach
6%
- Wanpoko Milo
6%
- Crane Rider Randolph
6%
- Destructeur du Monde Byrnndi World
3%
- ... la Flamboyante Carmen
3%
- ... à la Corde Chappe
3%
- Le Boxeur Jerry
3%
- ... le Traqueur Maynard
3%
- Mamie ... Olly
3%
- Le Phoenix Puzzle
3%
- Le Faux Ensommeillé Raccoon
3%
- ... la Machette Run
3%
- L'Aventurier Udaijin
3%
- ... le Pasteur Yomo
3%
- Barbe Brune Chadros Higelyges
0%
- ... aux Doigts Ronds Croâtini
0%
- ... le Père Daddy Masterson
0%
- ... l'Embraseuse Linaria
0%
- Le Sorcier Mummy
0%
Aucun quiz correspondant
Distribution des résultats
% des personnes avec chaque résultat
Percentile par nombre de réponses
Votre historique - résultats
Vous n’avez pas pris ce quiz depuis la dernière actualisation